000 00395nam a22001697a 4500
003 NUST - PNEC
005 20170116181119.0
008 151004b xxu||||| |||| 00| 0 eng d
020 _a034018261X
040 _cLIBRARY
082 _a694.6 HOW
100 _913364
_aHoward, T. O.
245 _aJoinery
_cT. O. Howard
260 _cc.1975
650 _913367
_aJoinery
_xME
942 _2ddc
_cBK
999 _c69471
_d69471